| 000 | 00762nam a2200253Ia 4500 | ||
|---|---|---|---|
| 003 | OSt | ||
| 005 | 20220928114811.0 | ||
| 006 | a|||||r|||| 00| 0 | ||
| 007 | ta | ||
| 008 | 220927b |||||||| |||| 00| 0 eng d | ||
| 020 | _c5500.1684999999998 | ||
| 024 | _a115631 | ||
| 037 |
_b165, 29/02/2012, Better Book Service _cTextual |
||
| 040 |
_aSDCL _cSDCL _beng |
||
| 041 |
_2eng _aeng |
||
| 082 | _aX:77.1'P, Q1 | ||
| 100 |
_aDringoli Angelo _9440850 |
||
| 245 | 0 | _aCorporate strategy and firm growth. | |
| 260 |
_aCheltenham _bEdward Elgar _c2011 |
||
| 300 |
_ax,256p _ccm. |
||
| 650 |
_aBusiness Economics _9391653 |
||
| 942 |
_hX:77.1'P, Q1 _cTEXL _2CC |
||
| 999 |
_c756368 _d756368 |
||